000
00247nam a2200109Ia 4500
008
260210s9999 xx 000 0 und d
020
_a
9781610917742
100
_a
Wolfe
245
0
_a
Seeing The Better City
260
_b
Island Press
942
_c
PG
999
_c
14042
_d
14042